Statistics for Doom Weapons

Click here to take the quiz!

General Stats

  • This quiz has been taken 179 times
  • The average score is 6 of 17

Answer Stats

Weapon% Correct
Pistol
85%
Super Shotgun
82%
Chainsaw
66%
Chaingun
63%
Rocket Launcher
62%
BFG 9000
60%
Plasma Rifle
56%
Combat Shotgun
40%
Gauss Cannon
31%
Heavy Assault Rifle
26%
Frag Grenade
22%
Hologram
10%
Siphon Grenade
10%
Burst Rifle
4%
Lightning Gun
4%
Hellshot
2%
Vortex Rifle
2%

Score Distribution

Percentile by Number Answered

Percent of People with Each Score

Your Score History

You have not taken this quiz